| 000 | 00424nam a22001457a 4500 | ||
|---|---|---|---|
| 020 | _a9780226971391 | ||
| 082 | _a895.134 | ||
| 100 | _aYu, Anthony C. | ||
| 245 |
_aThe Journey of the West Volume 4 / _cAnthony C. Yu |
||
| 250 | _aRevised Edition. | ||
| 260 |
_aChicago : _bThe University of Chicago Press, _c2012. |
||
| 300 |
_a428 p. ; _c23cm. |
||
| 942 |
_2ddc _cBK |
||
| 999 |
_c554478 _d554478 |
||